000 00313nam a2200133Ia 4500
008 240624s9999 xx 000 0 und d
041 _aeng
082 _a658.403 NUT
100 _aNUTT PAUL C
245 _aHANDBOOK OF DECISION MAKING
260 _c2010
_aNew Delhi
_bWiley
300 _a720 : p.
365 _c
_b26
999 _c23926
_d23926